000
00293nam a22001337a 4500
008
170825b xxu||||| |||| 00| 0 eng d
020
_a
9780071495783
041
_a
eng
080
_2
2ND
_a
51
100
_a
39
101
_a
MED
245
_a
ACE THE IT INTERVIEW
_c
MOREIRA,P
942
_2
udc
_c
BK
999
_c
24977
_d
24977